Managerial economics / (Record no. 2267)

MARC details
000 -LEADER
fixed length control field 00421nam a2200169 4500
001 - CONTROL NUMBER
control field 2831
005 - DATE AND TIME OF LATEST TRANSACTION
control field 20181127165859.0
010 00 - LIBRARY OF CONGRESS CONTROL NUMBER
LC control number
020 00 - INTERNATIONAL STANDARD BOOK NUMBER
International Standard Book Number 8174460772
090 00 - LOCALLY ASSIGNED LC-TYPE CALL NUMBER (OCLC); LOCAL CALL NUMBER (RLIN)
Classification number (OCLC) (R) ; Classification number, CALL (RLIN) (NR) 338.5024658 A8817m 1997
100 00 - MAIN ENTRY--PERSONAL NAME
Personal name Atmanand.
245 00 - TITLE STATEMENT
Title Managerial economics /
Remainder of title
Statement of responsibility, etc. Dr. Atmanand.
Medium
260 00 - PUBLICATION, DISTRIBUTION, ETC.
Place of publication, distribution, etc. New Delhi :
Name of publisher, distributor, etc. Institute of Management Technology,
Date of publication, distribution, etc. 1997.
300 00 - PHYSICAL DESCRIPTION
Extent 268 p.
650 00 - SUBJECT ADDED ENTRY--TOPICAL TERM
Topical term or geographic name entry element
General subdivision
Topical term or geographic name entry element Managerial economics.
General subdivision
Holdings
Withdrawn status Lost status Source of classification or shelving scheme Damaged status Not for loan Collection code Home library Current library Shelving location Serial Enumeration / chronology Inventory number Total Checkouts Total Renewals Full call number Barcode Date last seen Date last checked out Price effective from Koha item type
    Dewey Decimal Classification     Main TEST RTC Library RTC Library Main opac 5100 1 1 338.50246 ATM 30000413 01/07/2020 21/03/2020 27/11/2018 Main
Royal Thimphu College || All Right Reserved